|
|
|
|
| LEADER |
01710nam a2200373 i 4500 |
| 001 |
EBC5049285 |
| 003 |
MiAaPQ |
| 005 |
20200520144314.0 |
| 006 |
m o d | |
| 007 |
cr cnu|||||||| |
| 008 |
180815s1952 gw o 000 0 ger d |
| 020 |
|
|
|z 9783111209487
|
| 020 |
|
|
|a 9783111365596 (e-book)
|
| 035 |
|
|
|a (MiAaPQ)EBC5049285
|
| 035 |
|
|
|a (Au-PeEL)EBL5049285
|
| 035 |
|
|
|a (CaPaEBR)ebr11566099
|
| 035 |
|
|
|a (OCoLC)1038475585
|
| 040 |
|
|
|a MiAaPQ
|b eng
|e rda
|e pn
|c MiAaPQ
|d MiAaPQ
|
| 050 |
|
4 |
|a QP514.2
|b .H344 1952
|
| 082 |
0 |
|
|a 574.192
|2 23
|
| 100 |
1 |
|
|a Haehn, Hugo,
|e author.
|
| 245 |
1 |
0 |
|a Biochemie der Garungen :
|b Unter besonderer Berucksichtigung der Hefe : Fur Studierende der Naturwissenschaften und des Garungsgewerbe, Techniker, Garungsbiologen und Chemiker /
|c von Hugo Haehn.
|
| 264 |
|
1 |
|a Berlin :
|b Walter De Gruyter,
|c 1952.
|
| 300 |
|
|
|a 1 online resource (511 pages)
|
| 336 |
|
|
|a text
|b txt
|2 rdacontent
|
| 337 |
|
|
|a computer
|b c
|2 rdamedia
|
| 338 |
|
|
|a online resource
|b cr
|2 rdacarrier
|
| 588 |
|
|
|a Description based on print version record.
|
| 590 |
|
|
|a Electronic reproduction. Ann Arbor, MI : ProQuest, 2018. Available via World Wide Web. Access may be limited to ProQuest affiliated libraries.
|
| 650 |
|
0 |
|a Biochemistry.
|
| 655 |
|
4 |
|a Electronic books.
|
| 776 |
0 |
8 |
|i Print version:
|a Haehn, Hugo.
|t Biochemie der Garungen : Unter besonderer Berucksichtigung der Hefe : Fur Studierende der Naturwissenschaften und des Garungsgewerbe, Techniker, Garungsbiologen und Chemiker.
|d Berlin : Walter De Gruyter, 1952
|h 511 pages
|z 9783111209487
|
| 797 |
2 |
|
|a ProQuest (Firm)
|
| 856 |
4 |
0 |
|u https://ebookcentral.proquest.com/lib/matrademy/detail.action?docID=5049285
|z Click to View
|